| 000 | 00721 a2200217 4500 | ||
|---|---|---|---|
| 003 | OSt | ||
| 005 | 20240509135232.0 | ||
| 008 | 220811s2013 sp a||||r|||| 00| 0 spa d | ||
| 020 | _a9788415792697 | ||
| 040 | _cCHAP | ||
| 082 | 0 | 0 |
_a636.0832 _bP65 _222 |
| 100 | 1 |
_aPinto Rodríguez, Jeremías _9186713 |
|
| 245 | 1 | 0 |
_aOperaciones básicas de control sanitario de animales / _cpor Jeremías Pinto Rodríguez. |
| 264 | 1 |
_aAntequera, Málaga : _bIC Editorial, _c2013. |
|
| 300 |
_a141 páginas. _bilustraciones. |
||
| 504 | _aIncluye bibliografía. | ||
| 650 | 4 |
_9186727 _aSanidad animal _xPrevención y tratamiento |
|
| 650 | 4 |
_9101809 _aSalud animal |
|
| 650 | 4 |
_9146234 _aBienestar de los animales |
|
| 942 |
_2ddc _cLIBRO |
||
| 999 |
_c217476 _d217476 |
||